Logo biblioteca
Santa Fe 2917, Rosario, Santa Fe
Lu-Vi 8 a 19.45
+54-341-4232362
bibliotecaeudoro@gmail.com
Facebook Biblioteca Pedagógica
Sitio web

¿Personalizar la enseñanza con ChatGPT?. (Registro nro. 32763)

Detalles MARC
000 -CABECERA
campo fijo de control de longitud 01200nab a2200253 4500
003 - IDENTIFICADOR DEL NÚMERO DE CONTROL
campo de control AR-RoBPED
005 - FECHA Y HORADE LA ULTIMA TRANSACCION
campo de control 20260514102518.0
008 - ELEMENTOS DE LONGITUD FIJA--INFORMACION GENERAL
campo fijo de control de longitud 260514b |||||||| |||| 00| 0 spa d
040 ## - FUENTE CATALOGADORA
Centro catalogador/agencia de origen AR-RoBPED
041 ## - IDIOMA
Código de idioma para texto/pista de sonido o título independiente spa
100 1# - ENCABEZAMIENTO PRINCIPAL--AUTOR PERSONAL
Nombre de persona Cwi, Mario E.
9 (RLIN) 25779
Función Ingeniero electrónico y profesor en Disciplinas Industriales
245 1# - TITULO
Título ¿Personalizar la enseñanza con ChatGPT?.
Subtítulo Relatos de una experiencia de capacitación docente /
260 ## - PUBLICACION
Lugar Buenos Aires :
Editor Noveduc,
Fecha 2023
300 ## - DESCRIPCION FISICA
Extensión 61-69 p.
500 ## - NOTA GENERAL
Nota general ¿Podemos pensar a los chatbots inteligentes como asistentes virtuales para personalizar la enseñanza?¿Cómo explorar estas posibilidades con los docentes? Para responder estas preguntas, compartimos el relato de una experiencia de capacitación docente basada en ChatGPT.
650 #0 - TERMINO DE MATERIA--CONTROLADO
Término controlado VIRTUALIDAD
9 (RLIN) 25936
Término controlado CAPACITACION DOCENTE
9 (RLIN) 18738
Término controlado EXPERIENCIA PEDAGOGICA
9 (RLIN) 3265
Término controlado INTELIGENCIA ARTIFICIAL
9 (RLIN) 2074
Término controlado ENSEÑANZA
9 (RLIN) 342
773 0# - DOCUMENTO FUENTE
Host Biblionumber 20414
Host Itemnumber 41865
Place, publisher, and date of publication Buenos Aires : Noveduc, 1993-
Título Novedades Educativas
Record control number (AR-RoBPED)20414
International Standard Serial Number 03283534
942 ## - ELEMENTOS KOHA
Fuente de clasificación Universal Decimal Classification
Koha tipo de ítem Revistas
Clasificación 37(05)
Signatura librística Nov 86 N° 390 (Sept.2023)
Número Koha k.32763
945 ## - PROCESAMIENTO DE LA INFORMACIÓN LOCAL
Catalogador y fecha mar 05/2026

No hay ítems disponibles.